| 000 | 00328nam a22001337a 4500 | ||
|---|---|---|---|
| 020 | _qPB. | ||
| 040 | _cFIZZA ISHAQ | ||
| 082 |
_a530 _bGOR |
||
| 100 |
_aGORDON AND SERWAY. _9131056 |
||
| 245 |
_aPHYSICS FOR SCIENTISTS & ENGINEERS / _cSERWAY AND GORDON. |
||
| 260 |
_aNEW YORK; _c1990. |
||
| 300 | _a675 P. ; | ||
| 942 |
_2ddc _cBK |
||
| 999 |
_c615135 _d615135 |
||